000 00730cam a2200193 i 4500
005 20260203123048.0
008 250721s2006 jo gr 000 0 ara d
082 1 4 _a371.913
_bق ر ي
100 1 _aالقريوتي، إبراهيم
_eمؤلف.
245 1 2 _aالإعاقة السمعية /
_cتأليف الدكتور إبراهيم القريوتي.
264 3 1 _aعمان :
_bدار يافا العلمية للنشر والتوزيع،
_c2006.
300 _a304 صفحة.
650 1 7 _aرعاية المعوقين.
650 1 7 _aالخدمات الاجتماعية.
650 1 7 _aالاعاقة السمعية.
650 1 7 _aالتربية الخاصة.
942 _2ddc
_cBK
999 _c97463
_d97463